[Event "Summer Solstice Open 1"]
[Site "SchemingMind.com"]
[Date "2018.07.05"]
[Round "-"]
[White "The Stonewall"]
[Black "Brian Acebo"]
[Result "1-0"]
[WhiteCountry "ENG"]
[BlackCountry "USA"]
[WhiteElo "2287"]
[WhiteRD "83"]
[BlackElo "1481"]
[BlackRD "129"]
[GameID "430029"]

1. e4 c5 2. Nf3 Nc6 3. Bb5 g6 4. O-O Bg7 5. c3 e5 6. d4 cxd4 7. cxd4 exd4 8. Bf4 Nge7 9. Bd6 a6 10. Bc4 O-O
11. Nbd2 Re8 12. Bxf7+ Kxf7 13. Qb3+ Kf8 14. Ng5
1-0

[Event "Summer Solstice Open 1"]
[Site "SchemingMind.com"]
[Date "2018.07.05"]
[Round "-"]
[White "Brian Acebo"]
[Black "The Stonewall"]
[Result "0-1"]
[WhiteCountry "USA"]
[BlackCountry "ENG"]
[WhiteElo "1540"]
[WhiteRD "96"]
[BlackElo "2275"]
[BlackRD "83"]
[GameID "430030"]

1. e4 e6 2. d4 d5 3. Nc3 Bb4 4. e5 c5 5. a3 Bxc3+ 6. bxc3 Qa5 7. Bd2 Qa4 8. Nf3 b6 9. Be2 Ba6 10. Bxa6 Nxa6
11. O-O Ne7 12. Bg5 Nc6 13. Be3 O-O 14. Qd3 Ne7 15. Bg5 Rae8 16. Rfe1 Nc6 17. Be3 Ne7 18. Ng5 Nf5 19. Nf3 Rc8 20. Red1 cxd4
21. cxd4 Rxc2 22. Ne1 Rc4 23. Nf3 Rfc8 24. Rac1 Nxe3 25. Qxe3 Nc7 26. Rd3 Nb5 27. Rxc4 dxc4 28. Rd2 c3 29. Ra2 Qd1+ 30. Qe1 c2
0-1

[Event "Summer Solstice Open 1"]
[Site "SchemingMind.com"]
[Date "2018.07.09"]
[Round "-"]
[White "The Stonewall"]
[Black "Keithk"]
[Result "1/2-1/2"]
[WhiteCountry "ENG"]
[BlackCountry "ENG"]
[WhiteElo "2287"]
[WhiteRD "83"]
[BlackElo "2529"]
[BlackRD "59"]
[GameID "430035"]

1. e4 e5 2. Nf3 Nc6 3. d4 exd4 4. Nxd4 Nf6 5. Nxc6 bxc6 6. e5 Qe7 7. Qe2 Nd5 8. c4 Ba6 9. b3 g6 10. f4 d6
11. Qf2 Nf6 12. Ba3 Qe6 13. Be2 dxe5 14. fxe5 Bxa3 15. Nxa3 Nd7 16. Nc2 Nxe5 17. O-O Qe7 18. Rad1 O-O 19. Ne1 Rae8 20. Qxa7 Bc8
21. Qd4 Bf5 22. Qc3 Qc5+ 23. Rf2 Re6 24. h3 Nd7 25. Bd3 Rd6 26. Rc1 Bxd3 27. Nxd3 Qe3 28. Ne1 Qxc3 29. Rxc3 Nc5 30. Re3 f5
31. Re7 Ne4 32. Re2 Rf7 33. Re8+ Rf8 34. Re7 Rf7 35. Re8+ Rf8 36. Re7 Rf7=
1/2-1/2

[Event "Summer Solstice Open 1"]
[Site "SchemingMind.com"]
[Date "2018.07.04"]
[Round "-"]
[White "Keithk"]
[Black "The Stonewall"]
[Result "1-0"]
[WhiteCountry "ENG"]
[BlackCountry "ENG"]
[WhiteElo "2572"]
[WhiteRD "58"]
[BlackElo "2303"]
[BlackRD "78"]
[GameID "430036"]

1. e4 c5 2. Nf3 Nc6 3. d4 cxd4 4. Nxd4 g6 5. Nc3 Bg7 6. Be3 Nf6 7. Bc4 O-O 8. Bb3 a5 9. O-O a4 10. Nxa4 Nxe4
11. Nb5 d5 12. Bb6 Qd7 13. Qe2 Ne5 14. Rfd1 e6 15. Bd4 Ra5 16. Nbc3 f5 17. f3 Nxc3 18. Bxc3 Qb5 19. Qe1 Nc4 20. Bxa5 Nxa5
21. Qf2 Qc6 22. Qb6 Qxb6+ 23. Nxb6 Bxb2 24. Rab1 Ba3 25. Ba4 Bc5+ 26. Kh1 Kf7 27. Rb5 Bxb6 28. Rxb6 Nc4 29. Rb5 Ke7 30. Bb3 Ne3
31. Rd3 f4 32. Rc3 Kd6 33. Rb6+ Kd7 34. Kg1 g5 35. Rc5 Rf5 36. a4 g4 37. fxg4 Nxg4 38. h3 Nf6 39. a5 Ne4 40. Ba4+ Kd8
41. a6 bxa6 42. Rcc6 f3 43. gxf3 Rg5+ 44. Kf1 Ng3+ 45. Kf2 Nf5 46. Rb8 Ne7 47. Rc5 h6 48. c3 Rg7 49. c4 dxc4 50. Rxc4 Rg5
51. Ra8 Ra5 52. Ra7 h5 53. Rcc7 Rxa4 54. Rxe7 Rd4 55. Rh7 Rd7 56. Raxd7+ Bxd7 57. Rxh5
1-0

[Event "Summer Solstice Open 1"]
[Site "SchemingMind.com"]
[Date "2018.07.05"]
[Round "-"]
[White "Brian Acebo"]
[Black "Keithk"]
[Result "0-1"]
[WhiteCountry "USA"]
[BlackCountry "ENG"]
[WhiteElo "1439"]
[WhiteRD "124"]
[BlackElo "2572"]
[BlackRD "58"]
[GameID "430037"]

1. e4 e5 2. Nf3 Nc6 3. Bb5 a6 4. Ba4 Nf6 5. O-O Be7 6. Re1 b5 7. Bb3 O-O 8. c3 d5 9. d4 exd4 10. e5 Ne4
11. cxd4 Bf5 12. Be3 Qd7 13. Nc3 Nxc3 14. bxc3 h6 15. Qd2 Na5 16. Bc2 Nc4 17. Qe2 Rac8 18. Bxf5 Qxf5 19. a4 b4 20. cxb4 Bxb4
21. Rec1 Qe4 22. Ra2 Rb8 23. h3 Rfe8 24. Kf1 Ba5 25. Rac2 Re6 26. Nd2 Bxd2 27. Bxd2 Qxd4 28. Bc3 Qf4 29. Re1 Qh2 30. f3 Rg6
31. Bd4 Qh1+ 32. Bg1 Rb3 33. Rd1 Rxg2 34. Qxg2 Ne3+ 35. Kf2 Qxg2+ 36. Ke1 Nxc2#
0-1

[Event "Summer Solstice Open 1"]
[Site "SchemingMind.com"]
[Date "2018.07.05"]
[Round "-"]
[White "Keithk"]
[Black "Brian Acebo"]
[Result "1-0"]
[WhiteCountry "ENG"]
[BlackCountry "USA"]
[WhiteElo "2529"]
[WhiteRD "59"]
[BlackElo "1481"]
[BlackRD "129"]
[GameID "430038"]

1. e4 c5 2. Nf3 d6 3. d4 cxd4 4. Nxd4 Nf6 5. Nc3 a6 6. Qd3 g6 7. Bg5 Bg7 8. O-O-O O-O 9. f4 e5 10. Nf5 gxf5
11. fxe5 Qe7 12. exf6 Bxf6 13. Bf4 Be5 14. Qg3+ Kh8 15. Nd5 Bxf4+ 16. Qxf4 Qxe4 17. Qh6 Qe5 18. Qxf8#
1-0

[Event "Summer Solstice Open 1"]
[Site "SchemingMind.com"]
[Date "2018.07.26"]
[Round "-"]
[White "The Stonewall"]
[Black "flyinduck"]
[Result "1-0"]
[WhiteCountry "ENG"]
[BlackCountry "CAN"]
[WhiteElo "2287"]
[WhiteRD "83"]
[BlackElo "2084"]
[BlackRD "62"]
[GameID "430459"]

1. d4 d6 2. Nf3 Nd7 3. c4 e5 4. Nc3 Be7 5. g3 f5 6. Bh3 e4 7. Nh4 Bxh4 8. gxh4 Qxh4 9. Bxf5 Ndf6 10. Bxc8 Rxc8
11. Qa4+ c6 12. Qxa7 Ne7 13. Qxb7 Ng4 14. Nxe4 Nxf2 15. Nxd6+ Kd8 16. Nf7+ Ke8 17. Bg5
1-0

[Event "Summer Solstice Open 1"]
[Site "SchemingMind.com"]
[Date "2018.07.26"]
[Round "-"]
[White "flyinduck"]
[Black "The Stonewall"]
[Result "0-1"]
[WhiteCountry "CAN"]
[BlackCountry "ENG"]
[WhiteElo "2024"]
[WhiteRD "53"]
[BlackElo "2303"]
[BlackRD "78"]
[GameID "430460"]

1. e4 e6 2. d4 d5 3. e5 c5 4. c3 Bd7 5. Nf3 a6 6. a3 cxd4 7. cxd4 Bb5 8. Bxb5+ axb5 9. O-O b4 10. b3 Nc6
11. Bb2 Nh6 12. axb4 Rxa1 13. Bxa1 Bxb4 14. Nc3 Nf5 15. Nb5 O-O 16. Qd3 Qb6 17. g4 Nfe7 18. Rc1 Ng6 19. Qf1 Ra8 20. h4 Ra5
21. Nc3 Nxd4 22. Nxd4 Qxd4
0-1

[Event "Summer Solstice Open 1"]
[Site "SchemingMind.com"]
[Date "2018.07.26"]
[Round "-"]
[White "Brian Acebo"]
[Black "flyinduck"]
[Result "0-1"]
[WhiteCountry "USA"]
[BlackCountry "CAN"]
[WhiteElo "1540"]
[WhiteRD "96"]
[BlackElo "2023"]
[BlackRD "52"]
[GameID "430461"]

1. e4 d6 2. d4 Nf6 3. Nc3 e5 4. Nf3 exd4 5. Nxd4 Be7 6. Bc4 O-O 7. O-O Re8 8. Re1 Nbd7 9. h3 Ne5 10. Bb3 Bf8
11. Bg5 h6 12. Bf4 a6 13. a4 c5 14. Nf3 Qc7 15. Nd5 Nxd5 16. Bxd5 Be6 17. b3 Bxd5 18. exd5 Nxf3+ 19. Qxf3 c4 20. Re2 Rxe2
21. Qxe2 Rc8 22. Rc1 g5 23. Be3 Bg7 24. g4 Be5 25. Rd1 cxb3 26. cxb3 Qc2 27. Qxc2 Rxc2 28. Rd3 Kg7 29. Kg2 Kg6 30. Kf3 f5
31. gxf5+ Kxf5 32. Bb6 h5 33. Ke3 g4 34. hxg4+ Kxg4 35. f3+ Kg3
0-1

[Event "Summer Solstice Open 1"]
[Site "SchemingMind.com"]
[Date "2018.07.26"]
[Round "-"]
[White "flyinduck"]
[Black "Brian Acebo"]
[Result "1-0"]
[WhiteCountry "CAN"]
[BlackCountry "USA"]
[WhiteElo "2023"]
[WhiteRD "52"]
[BlackElo "1540"]
[BlackRD "96"]
[GameID "430462"]

1. e4 c5 2. Nf3 d6 3. d4 cxd4 4. Nxd4 Nf6 5. f3 g6 6. c4 Bg7 7. Nc3 O-O 8. Be3 a6 9. Qd2 Nc6 10. Be2 Qc7
11. O-O Rb8 12. Rac1 b6 13. Nd5 Nxd5 14. cxd5 Qd7 15. Nxc6 Ra8 16. Bh6 Bb7 17. Bxg7 Kxg7 18. Qd4+ f6 19. Qxb6 Rfc8 20. Rc3 Kf7
21. Rfc1 h5 22. Rb3 Bxc6 23. Rxc6 Rcb8 24. Qxb8 Rxb8 25. Rxb8 Qa7+ 26. Rbb6 a5 27. Kf1
1-0

[Event "Summer Solstice Open 1"]
[Site "SchemingMind.com"]
[Date "2018.07.23"]
[Round "-"]
[White "flyinduck"]
[Black "Keithk"]
[Result "0-1"]
[WhiteCountry "CAN"]
[BlackCountry "ENG"]
[WhiteElo "2024"]
[WhiteRD "53"]
[BlackElo "2572"]
[BlackRD "58"]
[GameID "430463"]

1. d4 d5 2. c4 c6 3. Nc3 Nf6 4. Nf3 e6 5. Bg5 h6 6. Bxf6 Qxf6 7. e3 Nd7 8. Rc1 g6 9. Bd3 dxc4 10. Bxc4 Bg7
11. O-O O-O 12. Re1 Rd8 13. Qb3 Qe7 14. e4 b5 15. Bf1 Bb7 16. e5 c5 17. Nxb5 cxd4 18. Rc7 Bxf3 19. Qxf3 Qf8 20. Nxd4 Nxe5
0-1

[Event "Summer Solstice Open 1"]
[Site "SchemingMind.com"]
[Date "2018.07.23"]
[Round "-"]
[White "Keithk"]
[Black "flyinduck"]
[Result "1-0"]
[WhiteCountry "ENG"]
[BlackCountry "CAN"]
[WhiteElo "2572"]
[WhiteRD "58"]
[BlackElo "2024"]
[BlackRD "53"]
[GameID "430464"]

1. e4 d6 2. d4 Nf6 3. Nc3 e5 4. Nf3 exd4 5. Nxd4 Be7 6. Bf4 O-O 7. Qd2 Nc6 8. O-O-O Nxd4 9. Qxd4 Be6 10. f3 a6
11. g4 Nd7 12. Qd2 b5 13. h4 Bf6 14. g5 Be5 15. Be3 Nc5 16. Ne2 Na4 17. b3 Nb2 18. Re1 Nc4 19. bxc4 g6 20. f4 Bg7
21. h5 c5 22. hxg6 fxg6 23. f5 gxf5 24. Nf4 Qd7 25. Qh2
1-0

[Event "Summer Solstice Open 1"]
[Site "SchemingMind.com"]
[Date "2018.07.29"]
[Round "-"]
[White "Marc Wakeham"]
[Black "The Stonewall"]
[Result "0-1"]
[WhiteCountry "WLS"]
[BlackCountry "ENG"]
[WhiteElo "1673"]
[WhiteRD "85"]
[BlackElo "2287"]
[BlackRD "83"]
[GameID "430593"]

1. e4 c5 2. c3 Nf6 3. e5 Nd5 4. d4 cxd4 5. Nf3 e6 6. Bc4 Nb6 7. Bb3 dxc3 8. Nxc3 d5 9. O-O Be7 10. Be3 Nc6
11. Nb5 O-O 12. Nbd4 Nd7 13. Rc1 Ndxe5 14. Nxe5 Nxe5 15. Nb5 Nc6 16. Nd4 Bd7 17. Qe2 e5 18. Nxc6 bxc6 19. Rfe1 Re8 20. Bd2 e4
21. Bc3 Bg5 22. Rcd1 Qc7 23. g3 Rab8 24. Qh5 Qd8 25. Bd2 Bf6 26. Rb1 Qc8 27. Qd1 Bg4 28. Qc1 Bf3
0-1

[Event "Summer Solstice Open 1"]
[Site "SchemingMind.com"]
[Date "2018.07.29"]
[Round "-"]
[White "The Stonewall"]
[Black "Marc Wakeham"]
[Result "1-0"]
[WhiteCountry "ENG"]
[BlackCountry "WLS"]
[WhiteElo "2287"]
[WhiteRD "83"]
[BlackElo "1673"]
[BlackRD "85"]
[GameID "430594"]

1. e4 c5 2. Nf3 d6 3. c3 Nc6 4. d4 cxd4 5. cxd4 e6 6. Nc3 a6 7. Bd3 Be7 8. O-O Bd7 9. e5 dxe5 10. dxe5 Nb4
11. Be4 Rb8 12. a3 Nc6 13. Qe2 b5 14. Bf4 Qc7 15. Rfd1 Bc5 16. Qd3 Nge7 17. Bxh7 Rd8 18. Ne4 Ba7 19. Nd6+ Kf8 20. Ng5
1-0

[Event "Summer Solstice Open 1"]
[Site "SchemingMind.com"]
[Date "2018.07.26"]
[Round "-"]
[White "Marc Wakeham"]
[Black "Brian Acebo"]
[Result "1-0"]
[WhiteCountry "WLS"]
[BlackCountry "USA"]
[WhiteElo "1597"]
[WhiteRD "78"]
[BlackElo "1540"]
[BlackRD "96"]
[GameID "430595"]

1. e4 c5 2. c3 Nc6 3. Nf3 d6 4. Bb5 Bd7 5. O-O a6 6. Bxc6 Bxc6 7. d3 Nf6 8. Bg5 e6 9. Na3 Be7 10. Nd2 O-O
11. Nc2 h6 12. Bh4 e5 13. Ne3 d5 14. exd5 Nxd5 15. Bxe7 Qxe7 16. Re1 Nxe3 17. Rxe3 Rad8 18. Nc4 Qg5 19. g3 Rfe8 20. Qe2 b5
21. Nxe5 Qf6 22. Nxc6 Qxc6 23. Re1 Kf8 24. Rxe8+ Rxe8 25. Qd2 Rd8 26. Qe3 Re8 27. Qd2 Rd8 28. Qc2 Qf3 29. Re3 Qd5 30. b3 c4
31. dxc4 bxc4 32. b4 g6 33. Qe4 Qxe4 34. Rxe4 Rc8 35. a4 Rc6 36. Rd4 Ke7 37. f3 f5 38. f4 g5 39. fxg5 hxg5 40. Kf2 Ke6
41. h4 gxh4 42. gxh4 Kf6 43. Kf3 Kg6 44. Kf4 Kf6 45. h5
1-0

[Event "Summer Solstice Open 1"]
[Site "SchemingMind.com"]
[Date "2018.07.27"]
[Round "-"]
[White "Brian Acebo"]
[Black "Marc Wakeham"]
[Result "1-0"]
[WhiteCountry "USA"]
[BlackCountry "WLS"]
[WhiteElo "1540"]
[WhiteRD "96"]
[BlackElo "1597"]
[BlackRD "78"]
[GameID "430596"]

1. e4 c5 2. Nf3 d6 3. d4 cxd4 4. Nxd4 Bd7 5. Bc4 Nf6 6. Nc3 Nc6 7. Be3 g6 8. Qd2 Bg7 9. Nde2 O-O 10. O-O a6
11. a3 b5 12. Bb3 Rc8 13. f4 Ng4 14. h3 Nxe3 15. Qxe3 Na5 16. Ba2 Qc7 17. Rac1 Nc4 18. Bxc4 Qxc4 19. f5 Qc5 20. Qxc5 Rxc5
21. fxg6 hxg6 22. Rf3 Bc6 23. Re3 Rc8 24. b4 Rc4 25. Rf1 Bb7 26. Rf4 Bh6 27. Rff3 Bxe3+ 28. Rxe3 e6 29. Kf2 Kg7 30. g4 e5
31. Kf3 f6 32. Rd3 f5 33. Ng3 f4 34. Nge2 g5 35. Rxd6 R8c6 36. Rd7+ Kg6 37. Rxb7
1-0

[Event "Summer Solstice Open 1"]
[Site "SchemingMind.com"]
[Date "2018.07.25"]
[Round "-"]
[White "Marc Wakeham"]
[Black "flyinduck"]
[Result "0-1"]
[WhiteCountry "WLS"]
[BlackCountry "CAN"]
[WhiteElo "1633"]
[WhiteRD "80"]
[BlackElo "2024"]
[BlackRD "53"]
[GameID "430597"]

1. e4 d6 2. d4 Nf6 3. Nc3 e5 4. dxe5 dxe5 5. Qxd8+ Kxd8 6. Bg5 Be6 7. O-O-O+ Nd7 8. Nf3 Kc8 9. Bxf6 gxf6 10. Be2 c6
11. a3 Kc7 12. Nd2 b5 13. Kb1 a5 14. Bxb5 cxb5 15. Nxb5+ Kb6 16. Nc3 Bc5 17. Na4+ Kc6 18. Nxc5 Nxc5 19. f3 a4 20. Rhe1 Rab8
21. Nf1 Rb7 22. Ne3 Rhb8 23. Kc1 Rxb2 24. Kd2 Rd8+ 25. Ke2 Rxd1 26. Rxd1 Ra2
0-1

[Event "Summer Solstice Open 1"]
[Site "SchemingMind.com"]
[Date "2018.07.26"]
[Round "-"]
[White "flyinduck"]
[Black "Marc Wakeham"]
[Result "1-0"]
[WhiteCountry "CAN"]
[BlackCountry "WLS"]
[WhiteElo "2024"]
[WhiteRD "53"]
[BlackElo "1633"]
[BlackRD "80"]
[GameID "430598"]

1. e4 c5 2. Nf3 d6 3. d4 cxd4 4. Nxd4 Nf6 5. Nc3 a6 6. f3 e6 7. Be3 Be7 8. Qd2 O-O 9. O-O-O Bd7 10. g4 b5
11. Nce2 d5 12. e5 Ne8 13. h4 Nc6 14. Nxc6 Bxc6 15. Nd4 Bb7 16. g5 Rc8 17. Bd3 Bc5 18. h5 Bxd4 19. Bxd4 Nc7 20. g6 h6
21. gxf7+ Rxf7 22. Rdg1 Ne8 23. Qxh6 Kf8 24. Qe3 Nc7 25. Bc5+ Kg8 26. h6 d4 27. Bh7+ Kxh7 28. hxg7+
1-0

[Event "Summer Solstice Open 1"]
[Site "SchemingMind.com"]
[Date "2018.07.25"]
[Round "-"]
[White "Marc Wakeham"]
[Black "Keithk"]
[Result "0-1"]
[WhiteCountry "WLS"]
[BlackCountry "ENG"]
[WhiteElo "1673"]
[WhiteRD "85"]
[BlackElo "2529"]
[BlackRD "59"]
[GameID "430599"]

1. e4 e5 2. Nf3 Nc6 3. d4 exd4 4. Bc4 Nf6 5. Ng5 d5 6. exd5 Qe7+ 7. Qe2 Nb4 8. Na3 Nbxd5 9. Qxe7+ Bxe7 10. O-O Bxa3
11. bxa3 O-O 12. Bb2 c5 13. Rad1 Bf5 14. c3 dxc3 15. Ba1 Nb6 16. Bb3 c4 17. Bc2 Bxc2 18. Rc1 Bd3 19. Rfe1 c2 20. Bc3 Rfe8
21. h3 Na4 22. Bxf6 Rxe1+ 23. Rxe1 gxf6 24. Nf3 Rd8 25. Nd2 Nc3 26. g3 Nd1
0-1

[Event "Summer Solstice Open 1"]
[Site "SchemingMind.com"]
[Date "2018.07.25"]
[Round "-"]
[White "Keithk"]
[Black "Marc Wakeham"]
[Result "1-0"]
[WhiteCountry "ENG"]
[BlackCountry "WLS"]
[WhiteElo "2529"]
[WhiteRD "59"]
[BlackElo "1673"]
[BlackRD "85"]
[GameID "430600"]

1. e4 c5 2. Nf3 d6 3. d4 cxd4 4. Nxd4 Nf6 5. Nc3 a6 6. Be3 Bd7 7. f3 e6 8. g4 Be7 9. Qd2 b5 10. g5 Ng8
11. O-O-O Qa5 12. Kb1 d5 13. Nb3 Qc7 14. exd5 exd5 15. Nxd5 Qd8 16. Qc3 f6 17. Nc7+ Kf8 18. Nxa8 Nc6 19. Nb6 Nb8 20. Nxd7+ Nxd7
21. Nc5
1-0

[Event "Summer Solstice Open 1"]
[Site "SchemingMind.com"]
[Date "2018.07.26"]
[Round "-"]
[White "Kenny Elliott"]
[Black "Marc Wakeham"]
[Result "0-1"]
[WhiteCountry "USA"]
[BlackCountry "WLS"]
[WhiteElo "1495"]
[WhiteRD "73"]
[BlackElo "1673"]
[BlackRD "85"]
[GameID "430624"]

1. d4 Nf6 2. Nf3 g6 3. c4 Bg7 4. g3 O-O 5. Bg2 d5 6. cxd5 Nxd5 7. O-O Nc6 8. Nc3 Nxc3 9. bxc3 Be6 10. Be3 Bd5
11. Rb1 b6 12. Qa4 Na5 13. Nd2 Bxg2 14. Kxg2 Qd5+ 15. Kg1 Rfd8 16. Rb5 Qd7 17. Rfb1 a6 18. R5b4 Qxa4 19. Rxa4 e6 20. Nc4 Nxc4
21. Rxc4 Rac8 22. Bf4 c5 23. dxc5 b5 24. Rcb4 Rxc5 25. Be3 Rxc3 26. a4 bxa4 27. Rxa4 Ra8 28. Rb6 Bf8 29. Rbxa6 Rxa6 30. Rxa6 Ra3
31. Rxa3 Bxa3 32. Bh6 f6 33. h4 Kf7 34. Kg2 e5 35. e4 Ke6 36. g4 Be7 37. f4 exf4 38. Bxf4 Bd6 39. Kf3 Bb4= 40. g5 f5
41. exf5+ Kxf5 42. Kg3 Be1+
0-1

[Event "Summer Solstice Open 1"]
[Site "SchemingMind.com"]
[Date "2018.07.26"]
[Round "-"]
[White "Marc Wakeham"]
[Black "Kenny Elliott"]
[Result "0-1"]
[WhiteCountry "WLS"]
[BlackCountry "USA"]
[WhiteElo "1673"]
[WhiteRD "85"]
[BlackElo "1495"]
[BlackRD "73"]
[GameID "430625"]

1. e4 c5 2. c3 d6 3. Nf3 Bg4 4. Be2 Nf6 5. d3 Qb6 6. O-O g6 7. h3 Bxf3 8. Bxf3 Bg7 9. Re1 O-O 10. Qc2 Nc6
11. Nd2 Ne5 12. Be2 a5 13. Nf3 Nxf3+ 14. Bxf3 Qc7 15. Bg5 b5 16. Rac1 Qb6 17. h4 Rac8 18. Qd1 Rfe8 19. h5 Nd7 20. hxg6 fxg6
21. Bg4 e6 22. Rc2 Ne5 23. Be2 b4 24. cxb4 axb4 25. b3 Nf7 26. Be3 Ra8 27. Qd2 Bc3 28. Qc1 Bxe1 29. Qxe1 e5 30. Qc1 Ra5
31. f4 Rea8 32. Qb1 exf4 33. Bf2 Qd8 34. Bf3 Ne5 35. Be2 f3 36. gxf3 Qg5+ 37. Kf1 Qf4 38. d4 Nxf3 39. Bc4+ Kg7
0-1

[Event "Summer Solstice Open 1"]
[Site "SchemingMind.com"]
[Date "2018.07.29"]
[Round "-"]
[White "Kenny Elliott"]
[Black "The Stonewall"]
[Result "0-1"]
[WhiteCountry "USA"]
[BlackCountry "ENG"]
[WhiteElo "1495"]
[WhiteRD "73"]
[BlackElo "2287"]
[BlackRD "83"]
[GameID "430626"]

1. d4 Nf6 2. c4 b6 3. Nf3 Bb7 4. e3 e6 5. Be2 d5 6. cxd5 exd5 7. O-O Bd6 8. Nc3 O-O 9. Bd2 Re8 10. a3 Ne4
11. Nxe4 dxe4 12. Ne1 Nd7 13. Nc2 Qe7 14. Qc1 Nf6 15. Bb5 Bxh2+ 16. Kh1 Ng4 17. g3 Qf6 18. Qd1 Qh6 19. Kg2 Bg1 20. Rxg1 Qh2+
21. Kf1 Qxf2#
0-1

[Event "Summer Solstice Open 1"]
[Site "SchemingMind.com"]
[Date "2018.07.30"]
[Round "-"]
[White "The Stonewall"]
[Black "Kenny Elliott"]
[Result "1-0"]
[WhiteCountry "ENG"]
[BlackCountry "USA"]
[WhiteElo "2287"]
[WhiteRD "83"]
[BlackElo "1495"]
[BlackRD "73"]
[GameID "430627"]

1. e4 c5 2. Nf3 d6 3. d4 Bg4 4. dxc5 Bxf3 5. Qxf3 Qa5+ 6. Nc3 Qxc5 7. Bb5+ Nc6 8. Be3 Qe5 9. Bf4 Qc5 10. O-O-O O-O-O
11. Be3 Qe5 12. Qxf7 Nf6 13. f4 Qxc3 14. bxc3 Nxe4 15. Qc4 Nxc3 16. Qxc3 Kb8 17. Bxc6 Rc8 18. Qa5 b6 19. Bxb6 axb6 20. Qxb6#
1-0

[Event "Summer Solstice Open 1"]
[Site "SchemingMind.com"]
[Date "2018.07.26"]
[Round "-"]
[White "Kenny Elliott"]
[Black "Brian Acebo"]
[Result "1-0"]
[WhiteCountry "USA"]
[BlackCountry "USA"]
[WhiteElo "1511"]
[WhiteRD "77"]
[BlackElo "1439"]
[BlackRD "124"]
[GameID "430628"]

1. d4 d5 2. Nf3 Nf6 3. c4 c5 4. Nc3 cxd4 5. Qxd4 e6 6. a3 a5 7. Bg5 Be7 8. cxd5 exd5 9. e3 O-O 10. Be2 h6
11. Bh4 Be6 12. Ne5 Nbd7 13. Bf3 Nb6 14. O-O Nbd7 15. Nxd5 g5 16. Nxe7+ Qxe7 17. Bg3 Rab8 18. Nxd7 Nxd7 19. Bxb8 Rxb8 20. Qa7 b6
21. Rad1 Rd8 22. Bc6 Kf8 23. Bxd7 Bxd7 24. Qxb6 a4 25. Qxh6+ Kg8 26. f4 gxf4 27. exf4 f5 28. Rf3 Bb5 29. Rg3+
1-0

[Event "Summer Solstice Open 1"]
[Site "SchemingMind.com"]
[Date "2018.07.27"]
[Round "-"]
[White "Brian Acebo"]
[Black "Kenny Elliott"]
[Result "1-0"]
[WhiteCountry "USA"]
[BlackCountry "USA"]
[WhiteElo "1563"]
[WhiteRD "98"]
[BlackElo "1500"]
[BlackRD "78"]
[GameID "430629"]

1. e4 c5 2. Nf3 d6 3. d4 cxd4 4. Nxd4 Nf6 5. Nc3 e5 6. Nb3 Be6 7. Bd3 Be7 8. O-O Bxb3 9. axb3 O-O 10. Re1 Nc6
11. Nd5 Nxd5 12. exd5 Nb4 13. Be4 Qd7 14. c4 f5 15. Bf3 e4 16. Be2 f4 17. Bg4 Qc7 18. Rxe4 Kh8 19. Bxf4 Bf6 20. Qd2 Na6
21. Rae1 Nc5 22. R4e3 a5 23. b4 axb4 24. Qxb4 Ra4 25. Qd2 Ra2 26. Re8 Qf7 27. Rxf8+ Qxf8 28. h3 Rxb2 29. Qe3 Be5 30. Bxe5 dxe5
31. Re2 Rb1+ 32. Re1 Rxe1+ 33. Qxe1 Qd6 34. Qa5 g6 35. Qa3 Kg7 36. Qe3 b6 37. g3 Nd7 38. Bxd7 Qxd7 39. Qxe5+ Kf7 40. Kg2 h6
41. f4 Qa4 42. Qc7+ Kf6 43. Qxb6+ Kf7 44. Qe6+ Kg7 45. Qe7+ Kg8 46. d6 Qxc4 47. h4 Qc2+ 48. Kh3 Qf5+ 49. Kg2 Qc2+ 50. Kf3 Qd3+
51. Kf2 Qd2+ 52. Kf3 Qd1+ 53. Ke4 Qe2+ 54. Kd5 Qxe7 55. dxe7 Kf7 56. e8=Q+ Kxe8 57. Ke6 Kf8 58. Kf6 g5 59. fxg5
1-0

[Event "Summer Solstice Open 1"]
[Site "SchemingMind.com"]
[Date "2018.07.27"]
[Round "-"]
[White "Kenny Elliott"]
[Black "flyinduck"]
[Result "0-1"]
[WhiteCountry "USA"]
[BlackCountry "CAN"]
[WhiteElo "1511"]
[WhiteRD "77"]
[BlackElo "2024"]
[BlackRD "53"]
[GameID "430630"]

1. d4 d6 2. e4 Nf6 3. Nc3 e5 4. dxe5 dxe5 5. Qxd8+ Kxd8 6. Bg5 Be6 7. O-O-O+ Nd7 8. Nf3 Kc8 9. a3 c6 10. Bxf6 gxf6
11. Be2 Kc7 12. Kb1 b5 13. Na2 a5 14. c3 Nc5 15. Nc1 Nxe4 16. Rhf1 Bc5 17. Nd3 Be7 18. Nc1 b4 19. cxb4 axb4 20. Bd3 Bd5
21. Rfe1 Nc5 22. axb4 Nxd3 23. Nxd3 Rhb8 24. Nfxe5 fxe5 25. Nxe5 Bxb4 26. Rg1 Bc3 27. Nd3 Ra2 28. h4 Bxb2 29. Nxb2 Rbxb2+ 30. Kc1 Rxf2
31. Kb1 Be4+
0-1

[Event "Summer Solstice Open 1"]
[Site "SchemingMind.com"]
[Date "2018.07.27"]
[Round "-"]
[White "flyinduck"]
[Black "Kenny Elliott"]
[Result "1-0"]
[WhiteCountry "CAN"]
[BlackCountry "USA"]
[WhiteElo "2084"]
[WhiteRD "62"]
[BlackElo "1495"]
[BlackRD "73"]
[GameID "430631"]

1. e4 c5 2. Nf3 d6 3. d4 Bg4 4. dxc5 Qa5+ 5. Nc3 Qxc5 6. Be3 Qc7 7. h3 Bxf3 8. Qxf3 Nc6 9. O-O-O e5 10. Nd5 Qc8
11. Kb1 Qd7 12. g3 O-O-O 13. h4 f6 14. Bh3 Qxh3 15. Rxh3 Nge7 16. c3 Nxd5 17. exd5 Na5 18. Bxa7
1-0

[Event "Summer Solstice Open 1"]
[Site "SchemingMind.com"]
[Date "2018.07.26"]
[Round "-"]
[White "Kenny Elliott"]
[Black "Keithk"]
[Result "0-1"]
[WhiteCountry "USA"]
[BlackCountry "ENG"]
[WhiteElo "1495"]
[WhiteRD "73"]
[BlackElo "2529"]
[BlackRD "59"]
[GameID "430632"]

1. d4 d5 2. Nf3 Nf6 3. c4 e6 4. Nc3 c6 5. Bg5 h6 6. Bh4 dxc4 7. e4 g5 8. Bg3 b5 9. Bxb8 Rxb8 10. a3 Bb7
11. e5 Nd5 12. g3 Qa5 13. Qc2 c5 14. O-O-O Nxc3 15. Bg2 b4 16. bxc3 bxc3 17. Rdg1 Be4 18. Qxe4 Qxa3+ 19. Kd1 Qa2 20. Ne1 Qd2#
0-1

[Event "Summer Solstice Open 1"]
[Site "SchemingMind.com"]
[Date "2018.07.26"]
[Round "-"]
[White "Keithk"]
[Black "Kenny Elliott"]
[Result "1-0"]
[WhiteCountry "ENG"]
[BlackCountry "USA"]
[WhiteElo "2529"]
[WhiteRD "59"]
[BlackElo "1495"]
[BlackRD "73"]
[GameID "430633"]

1. e4 c5 2. Nf3 d6 3. d4 cxd4 4. Nxd4 e5 5. Bb5+ Bd7 6. Bxd7+ Nxd7 7. Nf5 g6 8. Nxd6+ Bxd6 9. Qxd6 Ne7 10. Bg5 Rc8
11. Nc3 Rc6 12. Qb4 Nb6 13. Rd1 Qc7 14. Nb5
1-0

[Event "Summer Solstice Open 1"]
[Site "SchemingMind.com"]
[Date "2018.07.26"]
[Round "-"]
[White "Kenny Elliott"]
[Black "Phil Cook"]
[Result "0-1"]
[WhiteCountry "USA"]
[BlackCountry "NZL"]
[WhiteElo "1495"]
[WhiteRD "73"]
[BlackElo "2239"]
[BlackRD "143"]
[GameID "430634"]

1. d4 d5 2. Nf3 c5 3. c4 e6 4. cxd5 exd5 5. Nc3 Nc6 6. e3 Nf6 7. Bb5 cxd4 8. Bxc6+ bxc6 9. exd4 a6 10. Ne5 Bd6
11. Bf4 O-O 12. Nxc6 Re8+ 13. Be5 Qc7 14. O-O Qxc6 15. Bxf6 gxf6 16. Qf3 Bb7 17. Qxf6 Bxh2+ 18. Kxh2 Qxf6
0-1